| 000 | 00441cam a2200181ua 4500 | ||
|---|---|---|---|
| 020 | _c1.50 | ||
| 041 | 0 | _ahin | |
| 082 |
_a891.54 _bJAW/IT |
||
| 100 | _aJawaharlal, Nehru . | ||
| 245 |
_aIthihas ke mahapurush / _cJawaharlal Nehru. _hTextual Documents |
||
| 250 |
_a3 / _b. |
||
| 260 |
_a : _bSasta Sahitya Mandal Prakashan , _c1962. |
||
| 300 | _a239 ; . | ||
| 365 | _a1.50 | ||
| 504 | _a | ||
| 942 | _cBK | ||
| 999 |
_c8153 _d8153 |
||